Equipes du top 14 depuis 2000 - Statistiques

Statistiques générales
  • Ce quiz a été pris 218 fois
  • Le résultat moyen est 19 sur 28
Statistiques - réponses
Actuellemen Réponse % Correct
Top 14 Toulouse
99%
Top 14 Toulon
93%
Top 14 Stade Français
91%
Top 14 La Rochelle
86%
Top 14 Pau
86%
Top 14 Clermont
85%
Pro D2 Biarritz
84%
Top 14 Perpignan
84%
Top 14 Bordeaux
83%
Top 14 Castres
82%
Top 14 Montpellier
82%
Top 14 Brive
79%
Top 14 Racing 92
79%
Top 14 Lou
77%
Pro D2 Grenoble
73%
Pro D2 Oyonnax
73%
Pro D2 Agen
68%
Pro D2 Mont-de-Marsan
65%
Top 14 Aviron Bayonnais
64%
Nationale Narbonne
62%
Pro D2 Béziers
59%
Nationale Dax
56%
Pro D2 Montauban
54%
Nationale Albi
48%
Nationale Bourgoin
43%
Nationale 2 Auch
41%
Pro D2 Colomiers
36%
Nationale 2 Périgueux
8%
Aucun quiz correspondant
Distribution des résultats
% des personnes avec chaque résultat
Percentile par nombre de réponses
Votre historique - résultats
Vous n’avez pas pris ce quiz